Leadership and power (Record no. 48978)

MARC details
000 -LEADER
fixed length control field 00651nam a2200193 a 4500
008 - FIXED-LENGTH DATA ELEMENTS--GENERAL INFORMATION
fixed length control field 120416s0000 ||||||||||||||||| || u
020 ## - INTERNATIONAL STANDARD BOOK NUMBER
International Standard Book Number 0761947035
050 ## - LIBRARY OF CONGRESS CALL NUMBER
Classification number HD 57.7 Lea
100 ## - MAIN ENTRY--PERSONAL NAME
Personal name Hogg, Michael A
245 10 - TITLE STATEMENT
Title Leadership and power
246 ## - VARYING FORM OF TITLE
Title proper/short title identity process in groups and organisations
260 ## - PUBLICATION, DISTRIBUTION, ETC.
Place of publication, distribution, etc. London
Name of publisher, distributor, etc. 2003
Date of publication, distribution, etc. Sage Publications
300 ## - PHYSICAL DESCRIPTION
Extent xiii,263p. ;ill.
350 ## - PRICE (NR) (BK AM CF MU VM SE) [OBSOLETE]
Price 0.00
650 #0 - SUBJECT ADDED ENTRY--TOPICAL TERM
Topical term or geographic name entry element LEADERSHIP
650 #0 - SUBJECT ADDED ENTRY--TOPICAL TERM
Topical term or geographic name entry element BUSINESS
700 ## - ADDED ENTRY--PERSONAL NAME
Personal name Knippenberg, Daan Van
995 ## - RECOMMENDATION 995 [LOCAL, UNIMARC FRANCE]
-- 0.00
-- CBU-MAIN LIBRARY (Kitwe)
-- 1
-- 0.00
-- 1
-- DAMAGED
-- Jul 12, 2006
-- Main Library Open Access Collection
Holdings
Withdrawn status Lost status Source of classification or shelving scheme Damaged status Not for loan Home library Current library Shelving location Date acquired Total Checkouts Full call number Barcode Date last seen Price effective from Koha item type
          CBU-MAIN LIBRARY, KITWE. CBU-MAIN LIBRARY, KITWE.   11/30/2022   HD 57.7 Lea 38616 11/30/2022 11/30/2022 MONOGRAPH